000 01026nam a22002177a 4500
003 OSt
005 20260122194846.0
008 230317b ||||| |||| 00| 0 eng d
040 _cOst
041 _ashan
082 _a305.895919
245 _aပီမႂ်ႇတႆး၊ လၵ်းၼီႈပီတႆးၵႃႇသႆႈ (ပီငူး) ပီမိူင်း 2107။
_cၸုမ်းပွင်ၵၢၼ်ပီမႂ်ႇတႆးဝဵင်းၵဵင်းတုင်
260 _aၵဵင်းတုင်
_bၸုမ်းပွင်ၵၢၼ်ပွႆးပီမႂ်ႇတႆး2107
_c2013
300 _a53 ၼႃႈ
_bႁၢင်ႈ
_c21 ၸိၼ်ႇထီႇ
500 _aS-SAT: Dr. Prof Sai Aung Tun
500 _aS-SAT ပဵၼ်ပပ်ႉၸဝ်ႈတႃႇၼႁင်းၶေႃ တွၵ်ႉတိူဝ်ႉၸၢႆးဢွင်ႇထုၼ်း။
650 _aၽိင်ႈထုင်းတႆး
942 _cBK1
942 _2ddc
942 _2ddc
999 _c23389
_d23389